Statistics for Every Chinese Marshall

Click here to take the quiz!

General Stats

  • This quiz has been taken 23 times
  • The average score is 9 of 10

Answer Stats

Answer% Correct
Lin Biao
100%
Nie Rongzhen
100%
Peng Dehuai
100%
Zhu De
100%
Liu Bocheng
93%
Xu Xiangqian
87%
Chen Yi
80%
He Long
80%
Luo Ronghuan
80%
Ye Jianying
80%

Score Distribution

Percentile by Number Answered

Percent of People with Each Score

Your Score History

You have not taken this quiz